Statistics for Top 50 Scariest Horror Movies of All Time

Click here to take the quiz!

General Stats

  • This quiz has been taken 8,215 times
  • The average score is 16 of 50

Answer Stats

HintAnswer% Correct
10"Before you die, you see the ring."2002The Ring
87%
2"You're gonna need a bigger boat."1975Jaws
85%
3"The power of Christ compels you!"1973The Exorcist
85%
11"All work and no play makes Jack a dull boy."1980The Shining
84%
21“Whatever you do: Don’t. Fall. Asleep.”1984Nightmare on Elm Street
73%
23“Look what you did to him—look what you did to him!”1980Friday the 13th
68%
30“I see dead people.”1999The Sixth Sense
66%
7"I realized what was living behind that boy's eyes was purely and simply evil."1978Halloween
65%
15"We all go a little mad sometimes."1960Psycho
62%
4"They're heeeeere."1982Poltergeist
60%
14"It puts the lotion on its skin."1991The Silence of the Lambs
60%
36“Don’t worry ‘bout it m’aam, Cujo won’t hurt him.”1983Cujo
58%
18“Live or die, make your choice."2004Saw
58%
34“Look at me, Damien! It’s all for you!”1976The Omen
54%
8"Hit 'er, grandpa, hit 'er."1974The Texas Chainsaw Massacre
54%
9"I admire its purity. A survivor, unclouded by conscience, remorse, or delusions of morality."1979Alien
53%
16"I don't know what this mist is, but there are things in it and they're dangerous."2007The Mist
53%
1"Somebody in this camp ain't what he appears to be."1982The Thing
49%
6"They're coming to get you, Barbara!"1968Night of the Living Dead
43%
46“I know that there are some things worse than death. And one of them is sitting here waiting to die.”2004Dawn of the Dead
40%
20“When there’s no more room in hell, the dead will walk the earth.”1978Dawn of the Dead
40%
27“We’ll tear your soul apart!”1987Hellraiser
40%
47“Get out—get out!”1979The Amityville Horror
26%
19“Squeal like a pig! Wheeee!”1972Deliverance
25%
25“Sometimes dead is better.”1989Pet Sematary
19%
38“Swing away, Merrill.”2002Signs
19%
43“I feel it. I feel it breathing on me.”2007Paranormal Activity
17%
24“Hey, there’s something down here.”2005The Descent
16%
13"I keep seeing these people, all recognizing each other. Something is passing between them all, some secret. It's a conspiracy, I know it."1978Invasion of the Body Snatchers
14%
33“Mister, will you play with us?“2006The Hills Have Eyes
14%
48“Have you checked the children?”1979When a Stranger Calls
14%
22“Hotel rooms are a naturally creepy place, don’t you think? How many people have slept in that bed before you? How many of them were sick? How many of them lost their minds? How many of them—died?”20071408
12%
32“Plans are pointless. Staying alive’s as good as it gets.”200228 Days Later
10%
12"The police won't let us leave and are giving us no explanations."2007Rec
10%
44“That’s right... who’s laughing now? Who’s laughing now?!”1987Evil Dead II
8%
42“She’s been feeding that thing between the walls again.”1991The People Under the Stairs
7%
17"The house was a monument to evil sitting there all these years holding the essence of evil in its smoldering bones."1979Salem's Lot
5%
39“Bad luck isn’t brought by broken mirrors, but by broken minds.”1977Suspiria
5%
29“What scares me about Cane’s work is what might happen if reality shared his point of view.”1994In the Mouth of Madness
3%
35“I’m not right, am I?”2010The Crazies
3%
49“Get back in the truck, Travis!”1993Fire in the Sky
2%
5"Eeeeeoooooowwwww."2002Ju-on
2%
41“I live in the weak and the wounded.”2001Session 9
2%
37“Woe be unto him who opens one of the seven gateways to hell, because through that gateway, evil—evil will invade the world.”1981The Beyond
2%
28“No belly button?! The thing has no belly button?!”1979The Brood
2%
31“Whatever it is, it’s trying desperately to communicate.”1980The Changeling
2%
26“What is a ghost? A tragedy condemned to repeat itself time and again? An instant of pain, perhaps. Something dead which still seems to be alive. An emotion suspended in time. Like a blurred photograph. Like an insect trapped in amber. ”2001The Devil's Backbone
2%
40“That woman is strange. And so is this house.”2003A Tale of Two Sisters
1%
50“I have wandered in bitterness until all seasons have become as one. And that is a season of vengeance.”1974Silent Night, Bloody Night
1%
45“Are they trying to warn me?”2002The Mothman Prophecies
1%

Score Distribution

Percentile by Number Answered

Percent of People with Each Score

Your Score History

You have not taken this quiz